[Event "SVK-chT2B 0910"]
[Site "Slovakia"]
[Date "2010.02.27"]
[Round "10"]
[White "Kollar, Jan"]
[Black "Szaraz, Bela"]
[Result "1-0"]
[WhiteElo "1755"]
[BlackElo "2022"]
[PlyCount "75"]
[EventDate "2009.10.10"]
[EventType "team"]
[EventRounds "11"]
[EventCountry "SVK"]
[SourceTitle "EXT 2011"]
[Source "ChessBase"]
[SourceDate "2010.11.26"]
[SourceVersion "1"]
[SourceVersionDate "2010.11.26"]
[SourceQuality "1"]
[WhiteTeam "Sala Slovan Duslo"]
[BlackTeam "Kosihy Europress"]
[WhiteTeamCountry "SVK"]
[BlackTeamCountry "SVK"]

1. d4 d5 2. c4 e6 3. Nc3 c5 4. Nf3 cxd4 5. Nxd4 e5 6. Nf3 d4 7. Nxe5 Nc6 8. Nxc6 bxc6 9. Nb1 Be6 10. Qa4 Qd7 11. g3 Bc5 12. b4 Bb6 13. c5 Bc7 14. Bb2 Qd5 15. Rg1 Ne7 16. Bg2 Qd7 17. b5 Be5 18. bxc6 Qc7 19. f4 Bf6 20. Nd2 Rb8 21. Nb3 0-0 22. Bxd4 Bxb3 23. axb3 Bxd4 24. Qxd4 Nxc6 25. Qd6 Qxd6 26. cxd6 Nd4 27. Rxa7 Rxb3 28. Kf2 Rb2 29. Re7 Rd8 30. Rd1 Nf5 31. Rc7 Kf8 32. d7 Ke7 33. Bh3 Nd6 34. Rd3 f5 35. Re3+ Ne4+ 36. Kg2 Rxd7 37. Rxd7+ Kxd7 38. Bxf5+ 1-0

[Event "SVK-chT2B 0910"]
[Site "Slovakia"]
[Date "2010.01.10"]
[Round "7"]
[White "Szaraz, Bela"]
[Black "Szaraz, Vojtech"]
[Result "0-1"]
[WhiteElo "2022"]
[BlackElo "2011"]
[PlyCount "66"]
[EventDate "2009.10.10"]
[EventType "team"]
[EventRounds "11"]
[EventCountry "SVK"]
[SourceTitle "EXT 2011"]
[Source "ChessBase"]
[SourceDate "2010.11.26"]
[SourceVersion "1"]
[SourceVersionDate "2010.11.26"]
[SourceQuality "1"]
[WhiteTeam "Kosihy Europress"]
[BlackTeam "Surany"]
[WhiteTeamCountry "SVK"]
[BlackTeamCountry "SVK"]

1. e4 d5 2. exd5 Nf6 3. d4 Qxd5 4. Nc3 Qd8 5. Nf3 Bf5 6. Bd3 Bxd3 7. Qxd3 e6 8. Qb5+ Nbd7 9. Qxb7 Bd6 10. 0-0 0-0 11. Qa6 Nb6 12. Bg5 Be7 13. Qd3 Nbd5 14. Rfe1 h6 15. Be3 Rb8 16. Nxd5 Nxd5 17. b3 Bb4 18. Bd2 Bxd2 19. Qxd2 Qf6 20. Ne5 Rbd8 21. c3 Nf4 22. Re4 Ng6 23. Nxg6 Qxg6 24. Rae1 c5 25. Qf4 cxd4 26. cxd4 Rd5 27. Re5 Qc2 28. Rxd5 exd5 29. Qf3 Qxa2 30. Qxd5 a5 31. Qc4 Rb8 32. d5 Qxb3 33. Re8+ Rxe8 0-1